000 00704nam a22002297a 4500
999 _c6917
_d6917
003 AR-CdUCM
008 190319b ||||| |||| 00| 0 spa d
040 _aMUNICIPALIDAD PROVINCIAL DEL CUSCO
_cBIBLIOTECA MUNICIPAL DEL CUSCO
041 _hdut
082 _24ed.
_a704 /
_bM23
100 _aMathews, Denis
_919492
245 _aEl Fauvismo /
260 _aMéxico :
_bHermes ;
_c1964.
300 _a64 páginas ;
_bFotografías
_c18cm
440 _aColección Tiempo y Color - Tendencias de la Pintura Moderna
_919491
505 _aContenido: Arte
650 _aArte
_9561
650 _aFauvismo
_911300
700 _aHorne, Matilde (traducción)
_919439
942 _2ddc
_cLIBROS
945 _anom